00623nam a2200145I1 4500008004100000111007300041245017900114260004800293300002700341490002800368650005400396003000100450005001700451040000900468 20aRoss Roundtable on Critical Approaches to Common Pediatric Problems.10aAdolescent gynecology;breport of the seventh Ross Roundtable on Critical Approaches to Common Pediatric Problems, in collaboration with the Ambulatory Pediatric Association.0 a[Columbus, Oh.,bRoss Laboratories,cc1977] a57 p.bill. ;fc22 cm.0 aRoss roundtable report. 2aGenital Diseases, FemalexAdolescentvCongresses.20230123125131.0 cNUST